Taylor Swift songs by letter - S - Statistics

General Stats
  • This quiz has been taken 42 times
  • The average score is 13 of 23
Answer Stats
Answer % Correct
Sparks Fly
77%
Speak Now
77%
Shake It Off
69%
So It Goes...
69%
Sad Beautiful Tragic
65%
Say Don't Go
65%
Sl*t!
65%
Snow On The Beach
65%
Stay Stay Stay
65%
Should've Said No
62%
Style
62%
Sweet Nothing
62%
seven
58%
Starlight
58%
So Long London
54%
Stay Beautiful
54%
Suburban Legends
54%
Superman
54%
Safe & Sound
50%
State Of Grace
50%
Superstar
46%
So High School
42%
Sweeter Than Fiction
23%
No matching quizzes found
Score Distribution
Percent of People with Each Score
Percentile by Number Answered
Your Score History
You have not taken this quiz